• 首页
  • 本馆介绍
  • 公告通知
  • 最新文献
  • 馆藏检索
  • 电子资源
  • 读者导购
  • 参考咨询
  • 我的图书馆
  • 登录
  • 详细信息显示
  • 放入我的书架
  • 预约/预借图书
  • 作者相关作品
  • 分类相关作品
  • 丛书相关作品
  • 出版社相关作品

书目信息

  • 表格格式
  • 工作单格式
  • 卡片格式
题名:
河南中原文化
    
 
作者: 方逸舟 著
分册:  
出版信息: 北京   经济科学出版社  2013.01
页数: 205页
开本: 24cm
丛书名:
单 册:
中图分类: K296.1
科图分类:
主题词: 文化史--河南 , 文化史
电子资源:
ISBN: 978-7-5141-2364-7
000 00826nam0 2200265 450
001 006478960
005 20130608091712.76
010    @a978-7-5141-2364-7@dCNY49.80
035    @a006478960
100    @a20130225d2013 em y0chiy0110 ea
101 0  @achi
102    @aCN@b110000
105    @aa z 000yy
106    @ar
200 1  @a河南中原文化@9he nan zhong yuan wen hua@e洛阳 开封@f高文麒[著]
210    @a北京@c经济科学出版社@d2013.01
215    @a205页@c图@d24cm
300    @a文化中国系列
330    @a本书以图文结合的形式,从文化、历史的角度,介绍了河南省具有中原文化特色的建筑与历史、艺术与文学、科学与工艺、生活与传统、饮食文化、旅游信息等概况。
606 0  @a文化史@y河南
606 0  @a文化史
690    @aK296.1@v5
701  0 @a方逸舟@9fang yi zhou@4著
801  0 @aCN@bNLC@c20130315
905    @dK296.1@e191
    
    河南中原文化:洛阳 开封/高文麒[著].-北京:经济科学出版社,2013.01
    205页:图;24cm
    文化中国系列
    
    ISBN 978-7-5141-2364-7:CNY49.80
    本书以图文结合的形式,从文化、历史的角度,介绍了河南省具有中原文化特色的建筑与历史、艺术与文学、科学与工艺、生活与传统、饮食文化、旅游信息等概况。
●
相关链接 在E读中查询图书 在五车中查询图书 在当当中查询图书 在豆瓣中查询图书


正题名:河南中原文化     索取号:K296.1/191         预约/预借

序号 登录号 条形码 馆藏地/架位号 状态 备注
1 0543744   205437446   第二样本阅览室/ [索取号:K296.1/191] 在馆    
2 0543745   205437455   密集书库-资源管理系/ [索取号:K296.1/191] 在馆    
3 0543746   205437464   第二借阅区/ [索取号:K296.1/191] 在馆    
4 0543747   205437473   第二借阅区/ [索取号:K296.1/191] 在馆    
5 0543748   205437482   第二借阅区/ [索取号:K296.1/191] 在馆    
唐山师范学院图书馆 欢迎您!
大连网信软件有限公司© 版权所有